The Lie Became Great : The Forgery of Ancient Near Eastern Cultures /
The Lie Became Great explores the closed society of international plunderers and forgers which thrives as a subculture of the Art World. These multi-cultural denizens include antiquity dealers, collectors, museum curators, forgers working in conjunction with auction houses, museums and galleries. Fo...
المؤلف الرئيسي:
التنسيق: كتاب الكتروني
اللغة: English
منشور في:
Leiden; Boston :
BRILL,
2002.
سلاسل:
Studies in the art and archaeology of antiquity.
Brill Book Archive Part 1, ISBN: 9789004472495
الموضوعات:
الوصول للمادة أونلاين: Login to view Source
الوسوم: إضافة وسم
رقم الطلب: N5370
| LEADER | 02775nam a22004938i 4500 | ||
|---|---|---|---|
| 001 | BRILL9789004502147 | ||
| 003 | nllekb | ||
| 005 | 20230305002443.0 | ||
| 006 | m d | ||
| 007 | cr un uuuua | ||
| 008 | 200716s2002 ne sb 001 0 eng d | ||
| 020 | |a 9789004502147 |q (electronic book) | ||
| 020 | |a 9789056930417 |q (print) | ||
| 024 | 7 | |a 10.1163/9789004502147 |2 DOI | |
| 035 | |z (OCoLC)45840077 | ||
| 040 | |a NL-LeKB |c NL-LeKB |e rda | ||
| 050 | 4 | |a N5370 | |
| 072 | 7 | |a HDDK |2 bicssc | |
| 072 | 7 | |a SOC |x 003000 | |
| 072 | 7 | |a HIS |x 002020 | |
| 072 | 7 | |a HIS |x 002010 | |
| 082 | 0 | 4 | |a 709.35 |2 23 |
| 100 | 1 | |a Muscarella, |e author. | |
| 245 | 1 | 4 | |a The Lie Became Great : |b The Forgery of Ancient Near Eastern Cultures / |c Muscarella. |
| 246 | 3 | |a The Forgery of Ancient Near Eastern Cultures | |
| 264 | 1 | |a Leiden; |a Boston : |b BRILL, |c 2002. | |
| 300 | |a 1 online resource. | ||
| 336 | |a text |b txt |2 rdacontent | ||
| 337 | |a computer |b c |2 rdamedia | ||
| 338 | |a online resource |2 rdacarrier | ||
| 490 | 1 | |a Studies in the art and archaeology of antiquity | |
| 490 | 1 | |a Brill Book Archive Part 1, ISBN: 9789004472495 | |
| 504 | |a Includes bibliographical references and index. | ||
| 520 | |a The Lie Became Great explores the closed society of international plunderers and forgers which thrives as a subculture of the Art World. These multi-cultural denizens include antiquity dealers, collectors, museum curators, forgers working in conjunction with auction houses, museums and galleries. Forgeries are made to be sold, and a great number pass into the Art World - collections, exhibitions, catalogues, and popular and scholarly journals - complete with their fabricated stories of excavation, and how they were found. The Lie Became Great documents the success and activities of one small corner of this vast network - artifacts form the Ancient Near East - with hundreds of detailed catalogue entries of forgeries. The participants in this society gain money, prestige, power, position as they distort and irretrievably damage the true story of our cultural heritage. STYX PUBLICATIONS. | ||
| 588 | |a Description based on print version record. | ||
| 650 | 0 | |a Art, Ancient |x Forgeries |z Middle East |v Catalogs. | |
| 650 | 0 | |a Forgery of antiquities |v Catalogs. | |
| 776 | 0 | 8 | |i Print version: |t The Lie Became Great : The Forgery of Ancient Near Eastern Cultures. |d Leiden ; Boston : BRILL, 2002 |z 9789056930417 |
| 830 | 0 | |a Studies in the art and archaeology of antiquity. | |
| 830 | 0 | |a Brill Book Archive Part 1, ISBN: 9789004472495 | |
| 856 | 4 | |z DOI: |u http://dx.doi.org/10.1163/9789004502147 | |
| 942 | |2 lcc |c EBOOK | ||
| 952 | |0 0 |1 0 |2 lcc |4 0 |6 N5370 |7 1 |9 45685 |a BRILL |b BRILL |d 2023-03-05 |l 0 |o N5370 |r 2023-03-05 00:00:00 |w 2023-03-05 |y EBOOK | ||
| 999 | |c 51585 |d 51585 | ||
